Missing Word: 1950s TV Shows A-Z Quiz Stats

 Plays Quiz Updated Apr 15, 2015

Challenge
Share
Tweet
Embed
Score 0/25 Timer 03:00
1 Play Today
Show Word % Correct
Sherlock ______Holmes
98.3%
I ____ LucyLove
98%
____'s ArkNoah
96.7%
The Twilight ____Zone
96.4%
____ Upon a TuneOnce
96.1%
Leave It to ______Beaver
94.7%
____ CrockettDavy
93.2%
______ Knows BestFather
91.5%
Flash ______Gordon
90.2%
The $64,000 ________Question
90.2%
The ____ McCoysReal
89.6%
Perry _____Mason
88%
____ .45Colt
83.9%
Show Word % Correct
____ 'n' AndyAmos
78.2%
Trash or ________Treasure
77.3%
Captain _______Kangaroo
67.5%
_____ Doctor MaloneYoung
63.2%
_____ Roy BeanJudge
58.2%
_____ PacificUnion
51%
The Frank _______ ShowSinatra
47.1%
_____ TrainWagon
46.8%
____ ExpressPony
35.9%
Mr. Adams and ___Eve
31.9%
Newsweek _____ the NewsViews
30.6%
_____________ PlayhouseInternational
8.4%

Today's Daily Dose

You're not logged in!

Compare scores with friends on all Sporcle quizzes.
OR
Log In

You Might Also Like...

Show Comments

Extras

Top Quizzes Today


Score Distribution

Your Account Isn't Verified!

In order to create a playlist on Sporcle, you need to verify the email address you used during registration. Go to your Sporcle Settings to finish the process.

Report this User

Report this user for behavior that violates our Community Guidelines.

Details: